| 000 | 00519cam a2200193ua 4500 | ||
|---|---|---|---|
| 020 |
_a81 85399 34 4 _c600.00 |
||
| 041 |
_aeng _h |
||
| 082 |
_a628.13 _bTID/WA |
||
| 100 | _aTideman, E M . | ||
| 245 |
_aWatershed management : Guidelines for Indian conditions / _cE M Tideman. _hTextual Documents |
||
| 250 |
_a1 / _b. |
||
| 260 |
_aNewdelhi : _bOmega scientific publishers , _c1996. |
||
| 300 | _a372 ; . | ||
| 365 | _a600.00 | ||
| 500 | _aScheme | ||
| 504 | _a | ||
| 942 | _cBK | ||
| 999 |
_c9430 _d9430 |
||